| 000 | 00500nam a2200169 4500 | ||
|---|---|---|---|
| 008 | 160518b xxu||||| |||| 00| 0 eng d | ||
| 020 | _a971233791X | ||
| 082 |
_22003 _aDFil 346.02 _bD37l |
||
| 100 |
_98540 _aDe Leon, Hector S. |
||
| 245 |
_aThe law on obligations and contracts/ _cHector S. De Leon. |
||
| 250 | _a2003 Edition | ||
| 260 |
_aQuezon City: _bRex Books Store, _cc2003. |
||
| 300 |
_axxiii, 457 pages; _c22 cm. |
||
| 650 | 0 |
_98541 _aContracts |
|
| 365 |
_b312.00 _cPhp |
||
| 942 |
_2ddc _cDFIL |
||
| 999 |
_c2587 _d2587 |
||